Sports Quiz

Random Sports or MLB Quiz

2009 MLB All Star Game Quiz Stats

Quiz not verified by Sporcle

Also try: NHL Close-Up Logos
Challenge
Share
Tweet
Embed
Score 0/72 Timer 10:00
0 Plays Today
Team Player % Correct
Minnesota TwinsJoe Mauer
100%
Boston Red SoxDustin Pedroia
94.1%
Tampa Bay RaysEvan Longoria
91.2%
New York YankeesDerek Jeter
91.2%
Florida MarlinsHanley Ramirez
91.2%
Texas RangersJosh Hamilton
88.2%
Seattle MarinersIchiro Suzuki
88.2%
St.Louis CardinalsAlbert Pujols
88.2%
Milwaukee Brewers Prince Fielder
88.2%
Philadelphia PhilliesRyan Howard
88.2%
Seattle MarinersFelix Hernandez
85.3%
Philadelphia PhilliesChase Utley
85.3%
New York MetsDavid Wright
85.3%
St.Louis CardinalsYadier Molina
82.4%
Milwaukee BrewersRyan Braun
82.4%
San Diego PadresAdrian Gonzalez
82.4%
Detroit TigersJustin Verlander
79.4%
Minnesota TwinsJustin Morneau
79.4%
Tampa Bay RaysCarlos Pena
79.4%
Boston Red SoxKevin Youkilis
79.4%
Baltimore OriolesAdam Jones
79.4%
New York MetsCarlos Beltran
79.4%
San Francisco GiantsTim Lincecum
79.4%
Atlanta BravesBrian McCann
79.4%
Washington NationalsRyan Zimmerman
79.4%
Boston Red SoxJosh Beckett
76.5%
Texas RangersMichael Young
76.5%
Tampa Bay RaysCarl Crawford
76.5%
New York MetsJohan Santana
76.5%
New York YankeesMark Teixeira
73.5%
Chicago White SoxMark Buehrle
73.5%
Kansas City RoyalsZack Greinke
73.5%
New York MetsFrancisco Rodriguez
73.5%
Toronto Blue JaysRoy Halladay
70.6%
Arizona Diamond-BacksDan Haren
70.6%
Philadelphia PhilliesShane Victorino
70.6%
Team Player % Correct
New York YankeesMariano Rivera
67.6%
Florida MarlinsJosh Johnson
67.6%
Pittsburgh PiratesFreddy Sanchez
67.6%
Philadelphia PhilliesJayson Werth
67.6%
Detroit TigersBrandon Inge
64.7%
Arizona Diamond-BacksJustin Upton
64.7%
Tampa Bay RaysBen Zobrist
61.8%
Los Angeles Angels of AnaheimTorii Hunter
61.8%
Philadelphia PhilliesRaul Ibanez
61.8%
San Francisco Giants Matt Cain
61.8%
Toronto Blue Jays Aaron Hill
58.8%
Tampa Bay RaysJason Bartlett
58.8%
Detroit TigersCurtis Granderson
58.8%
Los Angeles Angels of AnaheimChone Figgins
55.9%
Texas RangersNelson Cruz
55.9%
Boston Red SoxJason Bay
52.9%
Cleveland IndiansVictor Martinez
52.9%
Minnesota TwinsJoe Nathan
50%
Houston AstrosHunter Pence
50%
Boston Red SoxJonathan Papelbon
47.1%
Los Angeles DodgersJonathan Broxton
44.1%
Chicago CubsTed Lilly
44.1%
Los Angeles DodgersOrlando Hudson
44.1%
Houston Astros Miguel Tejada
44.1%
Detroit TigersEdwin Jackson
38.2%
San Diego Padres Heath Bell
35.3%
Pittsburgh PiratesZach Duke
35.3%
Oakland AthleticsAndrew Bailey
32.4%
Milwaukee BrewersTrevor Hoffman
32.4%
Colorado RockiesBrad Hawpe
32.4%
Los Angeles Angels of AnaheimBrian Fuentes
29.4%
Boston Red SoxTim Wakefield
29.4%
St.Louis CardinalsRyan Franklin
29.4%
Colorado RockiesJason Marquis
11.8%
Los Angeles DodgersChad Billingsey
2.9%
Cincinnati RedsFrancisco Codero
0%

You're not logged in!

Compare scores with friends on all Sporcle quizzes.
Join for Free
OR
Log In

You Might Also Like...

Show Comments

Extras

Top Quizzes Today


Score Distribution

Your Account Isn't Verified!

In order to create a playlist on Sporcle, you need to verify the email address you used during registration. Go to your Sporcle Settings to finish the process.

Report this User

Report this user for behavior that violates our Community Guidelines.

Details: